Microcomputer facilities in schools

Bibliographic Details
Main Author: Espinosa, Leonard J
Format: Book
Published: Englewood : Libraries Unlimited , 1990
Subjects:

MARC

LEADER 00000cam a2200000 7i4500
001 0000004685
002 000005053
005 20100610.0
020 |a 087287639X 
090 0 0 |a 371.334   |b ESP 
100 1 |a Espinosa, Leonard J 
245 1 0 |a Microcomputer facilities in schools   |c Leonard J.Espinosa 
260 |a Englewood :   |b Libraries Unlimited ,   |c 1990 
300 |a 112p. ;   |c 28cm. 
650 0 0 |a Computer-assisted instruction   |z California   |x Case studies 
650 0 0 |a Microcomputers   |z California   |x Equiment and supplies   |x Case studies 
999 |a 037435   |b BUKU   |c PINJAMAN   |e PERPUSTAKAAN KOMUNITI PETALING JAYA 
999 |a 037436   |b BUKU   |c PINJAMAN   |e PERPUSTAKAAN KOMUNITI PETALING JAYA